Quartet

Bibliographic Details
Other Authors: Farkas, Andrej (Musician), Molnar, Sandor (Musician), Lakatos, Krisztian Pecek (Musician), Hodek, Dávid, 1997- (Musician)
Format: CD Audio
Language:Slovak
PhysicalDescription:1 audiodisk
Published: Bratislava Hudobný fond 2023

MARC

LEADER 00000njm a2200000 a 4500
001 vtls012268775
003 SK-MaSNL
005 20260331212712.0
007 sd usug|ummued
008 241218s2023 xo uunug u slo
028 2 2 |a SF 1482531  |b Hudobný fond 
040 |a SNK  |b slo  |c SNK  |e rda 
041 0 |a slo 
044 |a xo  |c SK 
100 1 |a Farkas, Andrej  |4 mus  |9 473161 
245 1 0 |a Quartet  |h zvukový záznam  |c Andrej Farkas feat. Sandor Molnar & Krisztian Pecek Lakatos & David Hodek 
260 |a Bratislava  |b Hudobný fond  |c 2023 
300 |a 1 audiodisk 
336 |a hraná hudba  |b prm  |2 rdacontent 
337 |a audio  |b s  |2 rdamedia 
338 |a audiodisk  |b sd  |2 rdacarrier 
700 1 |a Molnar, Sandor  |4 mus  |9 313389 
700 1 |a Lakatos, Krisztian Pecek  |4 mus  |9 313390 
700 1 |a Hodek, Dávid,  |d 1997-  |4 mus  |9 164817 
852 |a Slovenská národná knižnica 
999 |c 739799  |d 741729 
952 |a SNK  |b SNK  |y NEVYP  |7 1  |p 17A1562932  |o snkSCD 7085  |i snk2024/18715  |8 0  |0 0  |1 0  |4 0  |d 2024-12-18  |l 0  |r 2026-02-23 22:56:02  |w 2026-02-23